000 00298nam a22001337a 4500
008 181017b xxu||||| |||| 00| 0 eng d
020 _a9780618052837
041 _aeng
080 _25 ed
_a510
100 _a37
101 _amat
245 _aAlgebra And Trigometry
_cLarson.h
942 _2udc
_cBK
999 _c49998
_d49998